| 000 | 01064nam a22001937a 4500 | ||
|---|---|---|---|
| 003 | OSt | ||
| 005 | 20251110143736.0 | ||
| 008 | 251004b |||||||| |||| 00| 0 eng d | ||
| 040 | _cDCL | ||
| 082 | _a၂၉၄.၃၆၅၇ | ||
| 100 | 0 |
_aဣန္ဒာစာရာဘိဝံသ၊ _cအရှင် |
|
| 245 | 1 |
_aမနောရထပူရဏီ / _cအရှင်ဣန္ဒာစာရာဘိဝံသ။ |
|
| 260 |
_aစစ်ကိုင်း ၊ _bမြစကြာကျောင်းတိုက်၊ _c၂၀၂၃။ |
||
| 300 |
_a၆၅၅ စာမျက်နှာ ၊ _c၂၇ စင်တီ။ |
||
| 500 | _aမြစကြာဆရာတော် အရှင်လက္ခဏ၏ သက်တော် ၇၅နှစ်ပြည့် အထိမ်းအမှတ်စာစောင် | ||
| 650 |
_aမြစကြာကျောင်းတိုက် _vအထိမ်းအမှတ်စာစောင် |
||
| 650 | _aမြစကြာကျောင်းတိုက် | ||
| 942 |
_2ddc _cSHORT TERM _n0 |
||
| 999 |
_c2287 _d2287 |
||